[Event "ICS rated blitz match"]
[Site "204.178.125.65"]
[Date "2000.07.07"]
[Round "?"]
[White "Hossa"]
[Black "WICKER-MAN"]
[Result "1-0"]
[WhiteElo "2550"]
[BlackElo "1901"]
[PlyCount "71"]
[EventDate "2000.??.??"]

1. e4 e5 2. Nf3 d6 3. Bc4 Be7 4. d4 Nd7 5. dxe5 Nxe5 6. Nxe5 dxe5 7. Qh5 g6 8.
Qxe5 Nf6 9. Bh6 Rg8 10. Bg5 Ng4 11. Qf4 Rf8 12. Bxe7 Qxe7 13. Nc3 f5 14. Nd5
Qxe4+ 15. Qxe4+ fxe4 16. Nxc7+ Kd8 17. Nxa8 Rxf2 18. Rd1+ Ke7 19. h3 Rxc2 20.
Bb3 Rxg2 21. hxg4 Bxg4 22. Rxh7+ Kf6 23. Rf7+ Kg5 24. Rd2 Rg1+ 25. Kf2 Rh1 26.
Rd5+ Bf5 27. Rxb7 Rh2+ 28. Ke3 Rxb2 29. Rxa7 Rh2 30. Rd1 Rh3+ 31. Kd4 Rh4 32.
Bd5 Rg4 33. Re1 Kh4 34. Bxe4 Kg3 35. Rg1+ Kf4 36. Rxg4+ {WICKER-MAN resigns}
1-0

[Event "ICS rated blitz match"]
[Site "204.178.125.65"]
[Date "2000.07.07"]
[Round "?"]
[White "Hossa"]
[Black "Amateur"]
[Result "0-1"]
[WhiteElo "2551"]
[BlackElo "2594"]
[PlyCount "162"]
[EventDate "2000.??.??"]

1. e4 c5 2. Nf3 Nc6 3. Bb5 Nf6 4. e5 Nd5 5. Nc3 e6 6. O-O Be7 7. Nxd5 exd5 8.
d4 cxd4 9. Re1 Qb6 10. Ba4 O-O 11. Qd3 Rb8 12. Bb3 a6 13. Ng5 Bxg5 14. Bxg5 Nb4
15. Qd1 Qc5 16. a3 Nc6 17. Qf3 h6 18. Bh4 b6 19. Rac1 Bb7 20. Bxd5 b5 21. Kh1
Ba8 22. Qe4 b4 23. a4 Rbe8 24. f4 Na5 25. Bxa8 Rxa8 26. Qd3 Nc6 27. Qg3 Kh8 28.
Qh3 d6 29. exd6 Qxd6 30. Qf5 Rae8 31. Bf2 Re6 32. Bg3 Qd7 33. Qd3 Qc8 34. Bh4
a5 35. Qb5 Rfe8 36. Rxe6 Rxe6 37. Rf1 Qe8 38. Rd1 Re2 39. Qd3 b3 40. cxb3 Rxb2
41. Rc1 Qe3 42. Qxe3 dxe3 43. f5 Rxb3 44. g4 Ne5 45. Be1 Ra3 46. Bxa5 Rxa4 47.
Be1 Nxg4 48. Rc8+ Kh7 49. h3 Ne5 50. Rc3 Nc4 51. Kg2 g6 52. f6 g5 53. Rc1 Nd2
54. Rc3 Ra2 55. Kg1 Nf3+ 56. Kf1 e2+ 57. Kf2 Nxe1 58. Kxe1 Kg6 59. Rf3 h5 60.
Kf2 g4 61. hxg4 hxg4 62. Rg3 Kg5 63. Ke1 Kh4 64. Rb3 g3 65. Rb4+ Kh3 66. Rh4+
Kg2 67. Rh5 Ra6 68. Kxe2 Rxf6 69. Ke3 Kg1 70. Rb5 g2 71. Rc5 Rh6 72. Rf5 Kh2
73. Ke2 g1=Q 74. Rxf7 Re6+ 75. Kd3 Qe3+ 76. Kc4 Qe4+ 77. Kb5 Qd5+ 78. Kb4 Re4+
79. Kc3 Rc4+ 80. Kb2 Qb5+ 81. Ka2 Ra4# {Hossa checkmated} 0-1

[Event "ICS rated blitz match"]
[Site "204.178.125.65"]
[Date "2000.07.07"]
[Round "?"]
[White "ZarkovX"]
[Black "Hossa"]
[Result "1-0"]
[WhiteElo "2799"]
[BlackElo "2537"]
[PlyCount "89"]
[EventDate "2000.??.??"]

1. g3 d5 2. Nf3 Nf6 3. Bg2 Nc6 4. d4 Bf5 5. O-O e6 6. Nc3 Nb4 7. Bf4 Bxc2 8.
Qc1 Be4 9. Nb5 Na6 10. Nxc7+ Nxc7 11. Bxc7 Qc8 12. Qf4 Be7 13. Rac1 O-O 14. Be5
Qe8 15. Rc7 Bd8 16. Rxb7 Qc6 17. Rb3 Qa6 18. Qd2 Be7 19. Bxf6 Bxf6 20. Ra3 Qb6
21. Ne5 Bxe5 22. dxe5 Bxg2 23. Kxg2 f6 24. Rb3 Qa6 25. exf6 Rxf6 26. Rc1 Raf8
27. f3 R6f7 28. Rbc3 e5 29. Qxd5 Qxe2+ 30. Kh3 g6 31. R1c2 Qf1+ 32. Kh4 Qg1 33.
Qxe5 Rf5 34. Qe6+ R8f7 35. g4 R5f6 36. Rc8+ Kg7 37. Qe5 h6 38. R8c7 Kg8 39.
Rxf7 Qf2+ 40. Rxf2 Rxf7 41. Rc2 Kh7 42. Rc8 Rg7 43. Qe8 g5+ 44. Kh5 Rg8 45.
Qxg8# {Hossa checkmated} 1-0

[Event "ICS rated blitz match"]
[Site "204.178.125.65"]
[Date "2000.07.07"]
[Round "?"]
[White "Hossa"]
[Black "kerrigan"]
[Result "1-0"]
[WhiteElo "2531"]
[BlackElo "2515"]
[PlyCount "147"]
[EventDate "2000.??.??"]

1. e4 c5 2. Nf3 d6 3. d4 cxd4 4. Nxd4 Nf6 5. Nc3 a6 6. Be2 e6 7. Be3 Qc7 8. Qd2
e5 9. Nb3 Be6 10. O-O Nbd7 11. Rad1 Rc8 12. f4 Be7 13. Bf2 Nb6 14. Na5 exf4 15.
Qxf4 Na4 16. Nxa4 Qxa5 17. Nc3 Rxc3 18. bxc3 Qxa2 19. Rxd6 Bxd6 20. Qxd6 Nd7
21. Bh4 f6 22. Bh5+ Kd8 23. Rxf6 gxf6 24. Bxf6+ Kc8 25. Bxh8 Qb1+ 26. Qd1 Qxd1+
27. Bxd1 a5 28. Kf2 a4 29. Be2 a3 30. c4 a2 31. Ba1 Nb6 32. Ke3 Nxc4+ 33. Kd4
Na5 34. Kc5 Kc7 35. Be5+ Kd7 36. Bb5+ Kc8 37. h3 h5 38. Bf6 Kc7 39. Be5+ Kc8
40. h4 Bf7 41. Be2 Nc6 42. Bc3 Kc7 43. g4 b6+ 44. Kb5 Be8 45. Kc4 hxg4 46. Bxg4
Kd6 47. Kb3 Bf7+ 48. Kb2 Bc4 49. h5 Bg8 50. h6 b5 51. Bf5 b4 52. Bf6 Na5 53. h7
Bxh7 54. e5+ Kd5 55. Bxh7 Nc4+ 56. Kxa2 Nxe5 57. Be4+ Kxe4 58. Bxe5 Kxe5 59.
Kb3 Kd5 60. Kxb4 Ke5 61. Kc5 Ke4 62. c4 Ke5 63. Kc6 Ke6 64. c5 Ke7 65. Kb7 Ke6
66. c6 Ke7 67. c7 Kd6 68. c8=Q Kd5 69. Qg4 Kc5 70. Qe4 Kd6 71. Qf5 Ke7 72. Kc7
Ke8 73. Kd6 Kd8 74. Qf8# {kerrigan checkmated} 1-0

[Event "ICS rated blitz match"]
[Site "204.178.125.65"]
[Date "2000.07.07"]
[Round "?"]
[White "MissSilicon"]
[Black "Hossa"]
[Result "1-0"]
[WhiteElo "2650"]
[BlackElo "2546"]
[PlyCount "137"]
[EventDate "2000.??.??"]

1. Nf3 Nf6 2. c4 c6 3. d3 Na6 4. Nc3 d6 5. e4 e5 6. Be2 Be7 7. O-O O-O 8. d4
Ng4 9. a3 Nc7 10. h3 exd4 11. Nxd4 Ne5 12. f4 Ng6 13. Be3 Bh4 14. Qd2 f5 15.
Bd3 fxe4 16. Bxe4 Qf6 17. Rad1 Qf7 18. Nf3 Be7 19. Qe2 Bf5 20. Ng5 Qe8 21. Nxh7
Bxe4 22. Nxf8 Bxf8 23. f5 Nh8 24. Bd4 d5 25. Rf4 c5 26. Bf2 Qc6 27. Nxe4 dxe4
28. Qxe4 Qxe4 29. Rxe4 Ne8 30. Kh2 Nf7 31. Re2 Ned6 32. Bxc5 Nxc4 33. Bxf8 Rxf8
34. Rd5 Nd8 35. Re7 Nb6 36. Rd3 Nc6 37. Rxb7 Rf7 38. Rxf7 Kxf7 39. g4 Ne5 40.
Rb3 Kf6 41. Kg3 Nc6 42. Kf4 Kf7 43. g5 Nd4 44. Rd3 Nb5 45. Rd1 Nc7 46. Rc1 Ne8
47. Rc5 Ke7 48. b4 Kf7 49. h4 Kg8 50. Ra5 Nc8 51. Ke5 Kf7 52. Ra6 Kg8 53. f6 g6
54. a4 Kf8 55. a5 Kg8 56. Rc6 Ne7 57. fxe7 Kf7 58. b5 Kxe7 59. b6 Kd7 60. bxa7
Kxc6 61. a8=Q+ Kd7 62. Qb7+ Nc7 63. a6 Kd8 64. Kd6 Ne8+ 65. Kc6 Nc7 66. Qxc7+
Ke8 67. Qd7+ Kf8 68. a7 Kg8 69. a8=Q# {Hossa checkmated} 1-0

[Event "ICS rated blitz match"]
[Site "204.178.125.65"]
[Date "2000.07.07"]
[Round "?"]
[White "Hossa"]
[Black "MissSilicon"]
[Result "1-0"]
[WhiteElo "2535"]
[BlackElo "2661"]
[PlyCount "233"]
[EventDate "2000.??.??"]

1. Nf3 d5 2. d4 e6 3. c4 dxc4 4. Qa4+ c6 5. Qxc4 Nf6 6. e3 Bd6 7. Bd3 Na6 8.
Bd2 Qb6 9. Qc2 O-O 10. O-O Nb4 11. Bxb4 Bxb4 12. a3 Be7 13. Nc3 Bd7 14. b4 a5
15. Ne5 Qc7 16. b5 cxb5 17. Nxd7 Qxd7 18. Bxb5 Qc7 19. Rfc1 Rfc8 20. Bd3 Ng4
21. g3 Nf6 22. Qb2 Qd7 23. Bb5 Qd6 24. Bf1 b6 25. Rc2 Rab8 26. Bd3 Ng4 27. Be2
f5 28. Bb5 h6 29. Qb3 Nf6 30. Bd3 Kh8 31. Ba6 Rd8 32. Bc4 Nd5 33. Nxd5 exd5 34.
Bd3 g6 35. a4 Rbc8 36. Rac1 Rxc2 37. Qxc2 Rf8 38. Bb5 Qa3 39. Qb1 Rd8 40. Rc6
Rd6 41. Rc2 Rd8 42. Rc7 Qb4 43. Qc1 f4 44. gxf4 Rb8 45. Qc6 Qb1+ 46. Bf1 Qf5
47. Qd7 Qxd7 48. Rxd7 Bh4 49. Rxd5 Rc8 50. Bd3 Rd8 51. Rb5 Rd6 52. f5 gxf5 53.
Bxf5 Kg7 54. Kg2 Rc6 55. f4 Bd8 56. Rd5 Be7 57. Kf3 Rc4 58. Bd7 Rc2 59. h3 Rc3
60. Rb5 Bd8 61. Ke4 Rc2 62. Rb3 Kf7 63. Kd5 Ke7 64. Bb5 Rf2 65. Kc6 Rc2+ 66.
Kb7 Rf2 67. d5 Kd6 68. Rc3 Bh4 69. Rc6+ Kxd5 70. Rxh6 Be7 71. Rh5+ Ke6 72. Kxb6
Rf3 73. Re5+ Kd6 74. Kxa5 Bh4 75. Be2 Rxh3 76. Bg4 Be1+ 77. Kb5 Rg3 78. Bf5 Bf2
79. Re6+ Kc7 80. Rc6+ Kd8 81. Rc8+ Ke7 82. e4 Rb3+ 83. Kc4 Rf3 84. Rc7+ Kf6 85.
a5 Rxf4 86. Rc6+ Kg5 87. Rg6+ Kh4 88. a6 Be3 89. Rh6+ Kg5 90. Rh3 Bf2 91. Kd5
Rh4 92. Rf3 Bb6 93. Ra3 Ba7 94. Rg3+ Kf4 95. Rg7 Be3 96. Rf7 Rh2 97. e5 Rd2+
98. Ke6 Kg5 99. Bb1 Rb2 100. Bd3 Rb4 101. Rf3 Ba7 102. Be2 Re4 103. Rf5+ Kh4
104. Bd3 Re3 105. Rf7 Bb8 106. a7 Bxa7 107. Rxa7 Rxd3 108. Rg7 Rd2 109. Ke7 Kh5
110. e6 Rf2 111. Ke8 Kh6 112. Rg3 Re2 113. e7 Rd2 114. Rg4 Kh7 115. Kf7 Rf2+
116. Ke6 Re2+ 117. Kf6 {MissSilicon resigns} 1-0

[Event "ICS rated blitz match"]
[Site "204.178.125.65"]
[Date "2000.07.07"]
[Round "?"]
[White "MissSilicon"]
[Black "Hossa"]
[Result "1-0"]
[WhiteElo "2639"]
[BlackElo "2557"]
[PlyCount "111"]
[EventDate "2000.??.??"]

1. Nf3 Nf6 2. c4 d6 3. d4 c5 4. dxc5 Qa5+ 5. Nc3 Qxc5 6. e4 Ng4 7. Qc2 Na6 8.
a3 Bd7 9. h3 Ne5 10. Nxe5 Qxe5 11. Be3 e6 12. Rd1 Be7 13. Qd2 O-O 14. Bf4 Qf6
15. h4 h6 16. h5 Rac8 17. Bg3 Qg5 18. Qxg5 Bxg5 19. Bxd6 Rfe8 20. Be2 Bf6 21.
e5 Bg5 22. O-O b6 23. c5 Nc7 24. b4 Bf4 25. g3 Bg5 26. f4 Bd8 27. Bf3 Nd5 28.
Nxd5 exd5 29. Bxd5 Bg4 30. Bb7 Bxd1 31. Rxd1 Bc7 32. Bxc8 Rxc8 33. c6 a6 34. f5
b5 35. Bxc7 Rxc7 36. e6 Kf8 37. Rd8+ Ke7 38. Rd7+ Rxd7 39. f6+ gxf6 40. exd7 f5
41. Kf2 Kd8 42. Ke3 Kc7 43. Kf4 f6 44. Kxf5 a5 45. bxa5 Kxc6 46. d8=Q Kc5 47.
Qf8+ Kc4 48. Qb4+ Kd3 49. Qb3+ Ke2 50. a6 Kf2 51. Qc2+ Kf3 52. Qd1+ Kxg3 53.
Qe1+ Kg2 54. a7 Kh3 55. a8=Q b4 56. Qah1# {Hossa checkmated} 1-0

[Event "ICS rated blitz match"]
[Site "204.178.125.65"]
[Date "2000.07.07"]
[Round "?"]
[White "Hossa"]
[Black "MissSilicon"]
[Result "0-1"]
[WhiteElo "2545"]
[BlackElo "2651"]
[PlyCount "118"]
[EventDate "2000.??.??"]

1. Nf3 Nf6 2. c4 e6 3. Nc3 c5 4. e4 Nc6 5. Be2 d5 6. e5 Nd7 7. cxd5 exd5 8. d4
cxd4 9. Nxd4 Ndxe5 10. O-O Bb4 11. Nc2 Bxc3 12. bxc3 O-O 13. Rb1 Qa5 14. Ba3
Rd8 15. Rb5 Qa4 16. Re1 a6 17. Rb6 Qa5 18. Rb3 Nc4 19. Bc1 N6e5 20. a3 Re8 21.
Ne3 Nxe3 22. Bxe3 b5 23. Qc2 Be6 24. Bd4 Nc6 25. Qd1 Bf5 26. Bc5 d4 27. cxd4
Bc2 28. Qxc2 Qxe1+ 29. Bf1 Rac8 30. Rh3 h6 31. Rc3 Qa1 32. Qd3 Re1 33. Bb4 Rd1
34. Qe2 Kh7 35. Rd3 Rc1 36. Bd2 Nxd4 37. Rxd4 Qxd4 38. Bxc1 Rxc1 39. g3 Qc4 40.
Kg2 Qxe2 41. Bxe2 Rc3 42. Bh5 Rxa3 43. Bxf7 b4 44. Bd5 b3 45. Be4+ Kh8 46. Kf1
Ra1+ 47. Ke2 a5 48. Kd2 b2 49. Bg6 Rc1 50. f3 a4 51. Bb1 a3 52. Ba2 Ra1 53. Be6
b1=Q 54. f4 Qb2+ 55. Kd3 Rd1+ 56. Ke4 Qe2+ 57. Kf5 Rd6 58. Kg6 Rxe6+ 59. Kf5
g6# {Hossa checkmated} 0-1

[Event "ICS rated blitz match"]
[Site "204.178.125.65"]
[Date "2000.07.07"]
[Round "?"]
[White "Amateur"]
[Black "Hossa"]
[Result "1/2-1/2"]
[WhiteElo "2652"]
[BlackElo "2534"]
[PlyCount "170"]
[EventDate "2000.??.??"]

1. e4 e5 2. Nf3 Nf6 3. d4 Nxe4 4. Bd3 d5 5. Nxe5 Bd6 6. Bf4 O-O 7. Qf3 g5 8.
Be3 Qe7 9. Bxe4 dxe4 10. Qxe4 f6 11. Qd5+ Qe6 12. Qxe6+ Bxe6 13. Nd3 Bf5 14.
Nc3 Bxd3 15. cxd3 Rd8 16. h4 h6 17. hxg5 hxg5 18. O-O-O Kg7 19. Ne4 Nc6 20. a3
b6 21. Kd2 Ne7 22. Nxd6 Rxd6 23. Rc1 c6 24. Rh3 Re8 25. Rch1 Kf7 26. Rh7+ Ke6
27. Re1 Kd7 28. Kc3 Re6 29. Kd2 Rd6 30. a4 Rd5 31. Kc3 Ra5 32. Kb3 Rd5 33. Kb4
Kd6 34. Kc4 Ra5 35. Kb3 Rd5 36. g4 a6 37. f4 Kd7 38. fxg5 fxg5 39. Bd2 Kd8 40.
Re4 Ng6 41. Rb7 Rxe4 42. dxe4 Rxd4 43. Bxg5+ Kc8 44. Rxb6 Ne5 45. Bf6 Rxe4 46.
Bxe5 Rxe5 47. Rxc6+ Kb7 48. Rc3 Kb6 49. Rc4 Re3+ 50. Ka2 Ka5 51. Rf4 Rg3 52. b3
Kb6 53. Ka3 Ka5 54. Rf5+ Kb6 55. g5 Rg4 56. Rf6+ Kb7 57. g6 a5 58. Rf7+ Kb6 59.
g7 Rg2 60. Re7 Kc6 61. Ra7 Kb6 62. Rd7 Kc6 63. Rf7 Kb6 64. b4 Rg3+ 65. Kb2 axb4
66. Ka2 Ka5 67. Ra7+ Kb6 68. Rd7 Ka5 69. Kb2 Kxa4 70. Ra7+ Kb5 71. Rc7 Rg2+ 72.
Kb3 Rg3+ 73. Kc2 b3+ 74. Kb2 Rg2+ 75. Kxb3 Rg3+ 76. Kc2 Kb6 77. Re7 Rg2+ 78.
Kd3 Kc6 79. Ke4 Kd6 80. Rb7 Ke6 81. Kf3 Rg1 82. Kf2 Rg4 83. Kf3 Rg1 84. Kf2 Rg4
85. Kf3 Rg1 1/2-1/2

[Event "ICS rated blitz match"]
[Site "204.178.125.65"]
[Date "2000.07.07"]
[Round "?"]
[White "Amateur"]
[Black "Hossa"]
[Result "0-1"]
[WhiteElo "2664"]
[BlackElo "2539"]
[PlyCount "148"]
[EventDate "2000.??.??"]

1. e4 e5 2. Nf3 Nf6 3. Nc3 Bb4 4. Nxe5 Qe7 5. Nd3 Bxc3 6. dxc3 Qxe4+ 7. Qe2 O-O
8. Qxe4 Nxe4 9. Bf4 d6 10. O-O-O Re8 11. Re1 Re6 12. Be2 Nc6 13. h4 Nf6 14. h5
Bd7 15. h6 Rae8 16. Kd1 g6 17. Bf3 Ng4 18. Rxe6 Bxe6 19. Re1 f5 20. Kc1 Kf7 21.
b3 Kf6 22. Bxc6 bxc6 23. f3 g5 24. fxg4 gxf4 25. Nxf4 fxg4 26. Nh5+ Kf7 27. Ng7
Re7 28. Rf1+ Kg6 29. Re1 Kf7 30. Re4 Bc8 31. Rxe7+ Kxe7 32. Kd2 Kf7 33. Ke3 Bd7
34. Nh5 Kg6 35. Ng3 Kxh6 36. Kf4 Kg6 37. Nf1 h5 38. Ne3 d5 39. a4 Kf6 40. b4
Be6 41. a5 Bc8 42. Nd1 c5 43. Ne3 Be6 44. bxc5 c6 45. g3 a6 46. Ng2 Bf7 47. Ne1
Bg6 48. Nd3 Bxd3 49. cxd3 Kg6 50. d4 Kf6 51. Ke3 Kf5 52. Kd3 h4 53. gxh4 g3 54.
Ke2 Kg4 55. h5 Kxh5 56. Kf3 Kh4 57. Kg2 Kg4 58. c4 dxc4 59. d5 Kf5 60. dxc6 Ke6
61. Kxg3 c3 62. c7 Kd7 63. Kf4 c2 64. c8=Q+ Kxc8 65. Ke5 c1=Q 66. Kd6 Qg5 67.
c6 Qxa5 68. Ke6 Kc7 69. Kf6 Qh5 70. Ke6 Kxc6 71. Kf6 Kd6 72. Kg7 Ke6 73. Kg8
Kf6 74. Kf8 Qh8# {Amateur checkmated} 0-1

[Event "ICS rated blitz match"]
[Site "204.178.125.65"]
[Date "2000.07.07"]
[Round "?"]
[White "Hossa"]
[Black "Amateur"]
[Result "1/2-1/2"]
[WhiteElo "2545"]
[BlackElo "2626"]
[PlyCount "237"]
[EventDate "2000.??.??"]

1. e4 c5 2. Nf3 e6 3. b3 Nc6 4. Be2 d5 5. exd5 exd5 6. O-O Bd6 7. d4 cxd4 8.
Na3 a6 9. Re1 Bb4 10. Nd2 Nge7 11. Nab1 Bf5 12. a3 Qa5 13. Bb2 Bd6 14. Nf3 O-O
15. Nbd2 Qc5 16. Rc1 Bf4 17. b4 Qb6 18. Ba1 Ng6 19. g3 Bh6 20. Rb1 Rae8 21. b5
d3 22. Bxd3 Bxd3 23. Rxe8 Rxe8 24. bxc6 Bb5 25. a4 bxc6 26. axb5 cxb5 27. Bd4
Qb7 28. Ra1 Nf8 29. Nb3 Ne6 30. Be5 f6 31. Bb2 Nc7 32. Nfd4 Qc8 33. Nc5 g6 34.
Qf3 Bf8 35. Ndb3 Bg7 36. Bc3 Re7 37. Ba5 f5 38. c3 Kh8 39. Bxc7 Qxc7 40. Qxd5
Bxc3 41. Qa8+ Kg7 42. Rc1 Qe5 43. Qxa6 b4 44. Rd1 f4 45. Qd3 fxg3 46. hxg3 Qe2
47. Qxe2 Rxe2 48. Rd7+ Kh6 49. f4 Be1 50. g4 Rb2 51. g5+ Kh5 52. Rxh7+ Kg4 53.
Rc7 Bg3 54. Rc6 Rb1+ 55. Kg2 Rb2+ 56. Kf1 Kh5 57. f5 Rf2+ 58. Kg1 Rxf5 59. Kg2
Bh4 60. Ne4 Rf4 61. Rc4 Bxg5 62. Rxb4 Rg4+ 63. Kf3 Rf4+ 64. Ke2 Rh4 65. Ng3+
Kh6 66. Rxh4+ Bxh4 67. Ne4 g5 68. Kf3 g4+ 69. Kxg4 Be1 70. Kf5 Bb4 71. Nd4 Be1
72. Ne6 Bb4 73. N4g5 Bc3 74. Nf7+ Kh5 75. Nf4+ Kh4 76. Nd5 Bd2 77. Nd6 Bc1 78.
Nb7 Bb2 79. Nc5 Bc1 80. Nc7 Bb2 81. Ne4 Bc1 82. Ne6 Bb2 83. Nd8 Bc1 84. Nc6 Bb2
85. Nc5 Bc1 86. Ne6 Bb2 87. Nc7 Bc1 88. Nd5 Bb2 89. Nde7 Bc1 90. Ne5 Bb2 91.
Nf7 Bc1 92. Ke4 Bb2 93. Kf4 Bc1+ 94. Kf5 Bb2 95. Nd5 Bc1 96. Nd8 Bb2 97. Ne6
Bc1 98. Ke4 Bb2 99. Kf3 Bc1 100. Ne7 Bb2 101. Ng6+ Kh3 102. Nef4+ Kh2 103. Ne7
Bc1 104. Ne6 Bb2 105. Nf5 Bc1 106. Nc7 Bb2 107. Nd5 Bc1 108. Nb4 Bb2 109. Nc6
Bc1 110. Nd8 Bb2 111. Nd6 Bc1 112. Nc6 Bb2 113. Nf7 Bc1 114. Ne7 Bb2 115. Nh6
Bc1 116. Ng4+ Kg1 117. Ne5 Bb2 118. N5c6 Kh1 119. Nd5 1/2-1/2

[Event "ICS rated blitz match"]
[Site "204.178.125.65"]
[Date "2000.07.07"]
[Round "?"]
[White "TigerMilk"]
[Black "Hossa"]
[Result "0-1"]
[WhiteElo "2235"]
[BlackElo "2549"]
[PlyCount "81"]
[EventDate "2000.??.??"]

1. c4 e5 2. Nc3 Qf6 3. e3 Nc6 4. Nd5 Qd8 5. Ne2 Nf6 6. Nec3 d6 7. g3 Be7 8. Bg2
O-O 9. O-O Nxd5 10. cxd5 Nb4 11. d3 c6 12. Qb3 Nxd3 13. dxc6 bxc6 14. Bxc6 Nc5
15. Qc2 Bh3 16. Rd1 Rc8 17. Bd5 Qc7 18. Bd2 Nd7 19. Rac1 Nf6 20. Bh1 Bg4 21. f3
Bh3 22. Qd3 Qb7 23. b3 d5 24. Be1 Ba3 25. Rc2 Rfd8 26. Ne2 Rxc2 27. Qxc2 Qb6
28. Bf2 Rc8 29. Qd3 Qc6 30. g4 e4 31. Qd2 exf3 32. Bxf3 Bxg4 33. Nd4 Qd7 34.
Qe2 Bxf3 35. Qxf3 Bd6 36. Bg3 Bxg3 37. hxg3 Qh3 38. Qg2 Qg4 39. Qf3 Qxf3 40.
Nxf3 Rc3 41. e4 {TigerMilk resigns} 0-1

[Event "ICS rated blitz match"]
[Site "204.178.125.65"]
[Date "2000.07.07"]
[Round "?"]
[White "Hossa"]
[Black "TigerMilk"]
[Result "1-0"]
[WhiteElo "2554"]
[BlackElo "2230"]
[PlyCount "65"]
[EventDate "2000.??.??"]

1. e4 Nf6 2. e5 Ng8 3. Nf3 d5 4. Bb5+ c6 5. Be2 Bg4 6. O-O e6 7. d4 c5 8. Nc3
Nc6 9. Be3 a6 10. dxc5 Bxf3 11. Bxf3 Nxe5 12. Be2 Nf6 13. Na4 Ned7 14. c4 dxc4
15. Bxc4 Qc7 16. Be2 Be7 17. Qd4 Rd8 18. b4 Nb8 19. Qb2 O-O 20. Rad1 Nd5 21.
Bd4 Bf6 22. Bxf6 Nxf6 23. Nb6 Nc6 24. Nc4 a5 25. b5 Nb4 26. Nd6 b6 27. cxb6
Qxb6 28. Nc4 Qxb5 29. a3 Rb8 30. axb4 axb4 31. Rfe1 Nd5 32. Ne3 Nc3 33. Bxb5 {
TigerMilk resigns} 1-0

[Event "ICS rated blitz match"]
[Site "204.178.125.65"]
[Date "2000.07.07"]
[Round "?"]
[White "Dorky"]
[Black "Hossa"]
[Result "1/2-1/2"]
[WhiteElo "2081"]
[BlackElo "2543"]
[PlyCount "86"]
[EventDate "2000.??.??"]

1. d4 Nf6 2. c4 e6 3. Nf3 Bb4+ 4. Bd2 a5 5. Nc3 b6 6. a3 Bxc3 7. Bxc3 O-O 8. e3
d5 9. Bd3 dxc4 10. Bxc4 Ba6 11. Qe2 Bxc4 12. Qxc4 Ne4 13. O-O c6 14. Rac1 Ra7
15. Ne5 Qh4 16. f3 Nd6 17. Qb3 Qd8 18. Bd2 c5 19. dxc5 bxc5 20. Rxc5 Nf5 21.
Qc3 f6 22. Ng4 a4 23. b4 axb3 24. Qxb3 Qd7 25. Rxf5 Qxd2 26. Qxe6+ Kh8 27. Qc4
Rd8 28. a4 Rg8 29. e4 Rd7 30. a5 Rd4 31. Qe6 Ra4 32. Rd5 Qc3 33. e5 Ra1 34.
exf6 Rxf1+ 35. Kxf1 Qc1+ 36. Kf2 Qb2+ 37. Kg1 Qc1+ 38. Kf2 Qb2+ 39. Kg1 Qc1+
40. Kf2 Qb2+ 41. Kf1 Qc1+ 42. Kf2 Qb2+ 43. Kf1 Qc1+ 1/2-1/2

[Event "ICS Rated standard match"]
[Site "204.178.125.65"]
[Date "2000.07.07"]
[Round "?"]
[White "Hossa"]
[Black "George5"]
[Result "1-0"]
[WhiteElo "2312"]
[BlackElo "1866"]
[PlyCount "28"]
[EventDate "2000.??.??"]

1. e4 g6 2. d4 Bg7 3. Nc3 e6 4. Be3 c6 5. Nf3 d5 6. Be2 Ne7 7. O-O Nd7 8. Qd2
Nb6 9. Bf4 dxe4 10. Nxe4 Ned5 11. Nd6+ Ke7 12. Bg3 h5 13. Ng5 h4 14. Ndxf7 Qf8
{George5 resigns} 1-0

[Event "ICS rated blitz match"]
[Site "204.178.125.65"]
[Date "2000.07.07"]
[Round "?"]
[White "RoFischer"]
[Black "Hossa"]
[Result "1-0"]
[WhiteElo "2116"]
[BlackElo "2532"]
[PlyCount "135"]
[EventDate "2000.??.??"]

1. e4 e5 2. Nf3 Nc6 3. Bb5 a6 4. Bxc6 dxc6 5. O-O f6 6. d4 exd4 7. Nxd4 c5 8.
Nb3 Qxd1 9. Rxd1 Bg4 10. f3 Be6 11. Be3 b6 12. Nc3 Bd6 13. a4 Be5 14. a5 Bxc3
15. bxc3 Bc4 16. axb6 cxb6 17. Rd6 Rb8 18. Rb1 Bb5 19. c4 Bxc4 20. Nxc5 Bb5 21.
c4 bxc5 22. cxb5 axb5 23. Bxc5 Nh6 24. Rb6 Rxb6 25. Bxb6 Kd7 26. Rxb5 Kc6 27.
Rb2 Rb8 28. Bd4 Rxb2 29. Bxb2 Nf7 30. Kf2 Kb5 31. Ke3 Nd6 32. Kd3 h5 33. e5 Nc4
34. exf6 Nxb2+ 35. Kc2 gxf6 36. Kxb2 f5 37. Kc3 Kc5 38. Kd3 Kd6 39. Kd4 Ke6 40.
f4 Kd6 41. g3 Ke6 42. Kc5 Kf7 43. h4 Ke6 44. Kc6 Ke7 45. Kd5 Kf7 46. Ke5 Kg6
47. Ke6 Kg7 48. Kxf5 Kf7 49. Kg5 Kf8 50. Kxh5 Kg7 51. Kg5 Kf7 52. f5 Kg7 53.
f6+ Kf7 54. Kf5 Ke8 55. Kg6 Kd8 56. f7 Ke7 57. Kg7 Ke6 58. f8=Q Kd5 59. Qf4 Kc5
60. Kf6 Kc6 61. Qd4 Kb5 62. Qc3 Kb6 63. Qc4 Kb7 64. Ke6 Ka7 65. Qb5 Ka8 66. Kd6
Ka7 67. Kc7 Ka8 68. Qa5# {Hossa checkmated} 1-0

[Event "ICS rated blitz match"]
[Site "204.178.125.65"]
[Date "2000.07.07"]
[Round "?"]
[White "PostModernist"]
[Black "Hossa"]
[Result "1-0"]
[WhiteElo "2578"]
[BlackElo "2503"]
[PlyCount "113"]
[EventDate "2000.??.??"]

1. d4 Nf6 2. c4 e6 3. Nf3 Bb4+ 4. Nc3 O-O 5. Bg5 d6 6. e3 e5 7. dxe5 dxe5 8.
Qxd8 Rxd8 9. Nxe5 Rd6 10. Bxf6 Bxc3+ 11. bxc3 Rxf6 12. O-O-O Rd6 13. Be2 Kf8
14. Rxd6 cxd6 15. Rd1 Ke7 16. Nd3 Nd7 17. Bf3 f5 18. a4 Ne5 19. Nxe5 dxe5 20.
Bd5 Bd7 21. a5 Rb8 22. Kd2 Rd8 23. Ke2 Bc8 24. h4 Rd6 25. e4 f4 26. Rb1 Rd7 27.
g3 fxg3 28. fxg3 h5 29. c5 Rc7 30. Kd3 Kf6 31. Rf1+ Kg6 32. a6 bxa6 33. c6 Bg4
34. Rb1 Kf6 35. Rb7 Re7 36. c7 Bc8 37. Rxa7 Rd7 38. c4 g5 39. c5 gxh4 40. gxh4
Kg7 41. Kc3 Re7 42. Kb4 Kf6 43. Ka5 Re8 44. Ra8 Ke7 45. Kb6 Rf8 46. Rxc8 Rxc8
47. Kb7 Rh8 48. c8=Q Rxc8 49. Kxc8 Ke8 50. c6 a5 51. c7 Ke7 52. Kb7 Kd6 53.
c8=Q Ke7 54. Qc7+ Ke8 55. Qf7+ Kd8 56. Qf6+ Kd7 57. Bc6# {Hossa checkmated} 1-0

[Event "ICS rated blitz match"]
[Site "204.178.125.65"]
[Date "2000.07.07"]
[Round "?"]
[White "Hossa"]
[Black "RoFischer"]
[Result "1-0"]
[WhiteElo "2490"]
[BlackElo "2145"]
[PlyCount "77"]
[EventDate "2000.??.??"]

1. d4 Nf6 2. c4 e6 3. Nf3 d5 4. Nc3 Be7 5. Bg5 O-O 6. e3 h6 7. Bxf6 Bxf6 8.
cxd5 exd5 9. Bd3 c6 10. O-O Nd7 11. Qc2 Be7 12. Bf5 Nf6 13. Bxc8 Rxc8 14. Ne5
Bd6 15. Qf5 Qe7 16. Nf3 Ne4 17. Nxe4 dxe4 18. Nd2 Rce8 19. Nc4 Bb8 20. Qh5 Kh7
21. Rfd1 g6 22. Qa5 Rd8 23. Qc3 Rd5 24. Rf1 Qc7 25. f4 exf3 26. g3 h5 27. e4
Rg5 28. Qxf3 h4 29. e5 hxg3 30. hxg3 Qd7 31. Qe3 Qg4 32. Rf3 c5 33. dxc5 Kg7
34. Raf1 Rh5 35. Qf4 Qh3 36. g4 Qh1+ 37. Kf2 Rh2+ 38. Ke1 Qg2 39. R3f2 {
RoFischer resigns} 1-0

[Event "ICS rated blitz match"]
[Site "204.178.125.65"]
[Date "2000.07.07"]
[Round "?"]
[White "RoFischer"]
[Black "Hossa"]
[Result "1/2-1/2"]
[WhiteElo "2141"]
[BlackElo "2494"]
[PlyCount "78"]
[EventDate "2000.??.??"]

1. e4 e5 2. Nf3 Nf6 3. d4 Nxe4 4. Bd3 d5 5. Nxe5 Bd6 6. O-O O-O 7. Nd2 Bxe5 8.
dxe5 Nc5 9. Nb3 Nxd3 10. Qxd3 Nc6 11. Qg3 f6 12. exf6 Qxf6 13. Qxc7 Bf5 14. Qf4
Bxc2 15. Qxf6 Rxf6 16. Be3 Bxb3 17. axb3 d4 18. Bd2 Kf7 19. b4 Ne5 20. Rfc1 Nd3
21. Rc7+ Kg8 22. f3 Rf7 23. Rxf7 Kxf7 24. b3 Ke6 25. Kf1 Kf6 26. Ke2 Ne5 27.
Bf4 Kf5 28. Bxe5 Kxe5 29. Kd3 Rd8 30. Rxa7 Rd7 31. Ra5+ Kf6 32. Rc5 g5 33. b5
h6 34. b4 Ke6 35. Rc4 Ke5 36. Rc5+ Ke6 37. b6 Rd6 38. Rc4 Ke5 39. Rc5+ Ke6
1/2-1/2

[Event "ICS Rated blitz match"]
[Site "204.178.125.65"]
[Date "2000.07.07"]
[Round "?"]
[White "Hossa"]
[Black "Tinker"]
[Result "1-0"]
[WhiteElo "2482"]
[BlackElo "2517"]
[PlyCount "83"]
[EventDate "2000.??.??"]

1. e4 e5 2. Nf3 Nf6 3. Nxe5 Qe7 4. Nf3 Qxe4+ 5. Be2 Bb4 6. a3 Be7 7. O-O Qg4 8.
d4 d5 9. Re1 O-O 10. Nc3 Re8 11. Ne5 Qh4 12. Nb5 Na6 13. Nf3 Qg4 14. Ng5 Qd7
15. Nc3 b6 16. Bf4 Bd6 17. Qd2 Bxf4 18. Qxf4 Qf5 19. Qxf5 Bxf5 20. Bxa6 Rxe1+
21. Rxe1 h6 22. Nf3 Bxc2 23. Bb7 Rd8 24. b4 Kf8 25. Ne5 Rb8 26. Bxd5 Nxd5 27.
Nxd5 Rd8 28. Nxc7 Ba4 29. d5 Kg8 30. b5 Rd6 31. Nc6 Kh7 32. Nxa7 Rd8 33. Nc6
Rd6 34. Re7 Bb3 35. Ne5 Bxd5 36. Rd7 Rxd7 37. Nxd7 Bb7 38. Nxb6 Be4 39. Nc8 Bf5
40. Nd6 Bd7 41. b6 Bc6 42. b7 {Tinker resigns} 1-0